<?xml version="1.0" encoding="UTF-8"?>
<record
    xmlns:xsi="http://www.w3.org/2001/XMLSchema-instance"
    xsi:schemaLocation="http://www.loc.gov/MARC21/slim http://www.loc.gov/standards/marcxml/schema/MARC21slim.xsd"
    xmlns="http://www.loc.gov/MARC21/slim">

  <leader>01564nam a22002897a 4500</leader>
  <controlfield tag="005">20090624153827.0</controlfield>
  <controlfield tag="008">090131t        xxu||||| |||| 00| 0 hin d</controlfield>
  <datafield tag="010" ind1=" " ind2=" ">
    <subfield code="a">HIN-87078</subfield>
  </datafield>
  <datafield tag="020" ind1=" " ind2=" ">
    <subfield code="a">9788123753973</subfield>
    <subfield code="c">150.00</subfield>
  </datafield>
  <datafield tag="035" ind1=" " ind2=" ">
    <subfield code="a">HN-59424</subfield>
  </datafield>
  <datafield tag="037" ind1=" " ind2=" ">
    <subfield code="b">DBAD / VEN  North India Publishers</subfield>
  </datafield>
  <datafield tag="040" ind1=" " ind2=" ">
    <subfield code="a">dpl</subfield>
    <subfield code="b">hn </subfield>
  </datafield>
  <datafield tag="082" ind1=" " ind2=" ">
    <subfield code="a">796</subfield>
  </datafield>
  <datafield tag="100" ind1=" " ind2=" ">
    <subfield code="a">&#x92E;&#x940;&#x928;&#x93E; &#x938;&#x94D;&#x935;&#x93E;&#x92E;&#x93F;&#x928;&#x93E;&#x925;&#x928;</subfield>
  </datafield>
  <datafield tag="245" ind1=" " ind2=" ">
    <subfield code="a">&#x916;&#x947;&#x932;-&#x916;&#x947;&#x932; &#x92E;&#x947;&#x902; &#x92C;&#x91A;&#x94D;&#x91A;&#x94B;&#x902; &#x915;&#x93E; &#x935;&#x93F;&#x915;&#x93E;&#x938; /</subfield>
    <subfield code="c">&#x92E;&#x940;&#x928;&#x93E; &#x938;&#x94D;&#x935;&#x93E;&#x92E;&#x93F;&#x928;&#x93E;&#x925;&#x928; &#x90F;&#x935;&#x902; &#x92A;&#x94D;&#x930;&#x947;&#x92E;&#x93E; &#x921;&#x948;&#x928;&#x93F;&#x92F;&#x932;; &#x938;&#x941;&#x927;&#x940;&#x930; &#x928;&#x93E;&#x925; &#x91D;&#x93E; &#x905;&#x928;&#x941;&#x926;&#x93F;&#x924; </subfield>
  </datafield>
  <datafield tag="246" ind1=" " ind2=" ">
    <subfield code="a">Khel-khel men bachcho kaa vikaasa </subfield>
    <subfield code="b">by Meena Sawaminathan &amp; Prema Deniyal </subfield>
  </datafield>
  <datafield tag="260" ind1=" " ind2=" ">
    <subfield code="a">&#x928;&#x908; &#x926;&#x93F;&#x932;&#x94D;&#x932;&#x940;</subfield>
    <subfield code="b">&#x928;&#x947;&#x936;&#x928;&#x932; &#x92C;&#x941;&#x915; &#x91F;&#x94D;&#x930;&#x938;&#x94D;&#x91F;</subfield>
    <subfield code="c">2008</subfield>
  </datafield>
  <datafield tag="270" ind1=" " ind2=" ">
    <subfield code="a">&#x928;&#x947;&#x939;&#x930;&#x942; &#x92D;&#x935;&#x928; 5, &#x907;&#x938;&#x94D;&#x91F;&#x940;&#x91F;&#x94D;&#x92F;&#x942;&#x936;&#x928;&#x932; &#x90F;&#x930;&#x93F;&#x92F;&#x93E;, &#x92B;&#x947;&#x91C;-2 &#x935;&#x938;&#x902;&#x924; &#x915;&#x941;&#x902;&#x91C;</subfield>
    <subfield code="b">&#x928;&#x908; &#x926;&#x93F;&#x932;&#x94D;&#x932;&#x940;</subfield>
    <subfield code="e">110070 </subfield>
  </datafield>
  <datafield tag="300" ind1=" " ind2=" ">
    <subfield code="a">&#x924;&#x947;&#x930;&#x939;,214&#x92A;&#x943;</subfield>
    <subfield code="c">24&#x938;&#x947;&#x92E;&#x940; (&#x905;&#x91C;&#x93F;&#x932;&#x94D;&#x926;)</subfield>
    <subfield code="b">&#x938;&#x91A;&#x93F;&#x924;&#x94D;&#x930; </subfield>
  </datafield>
  <datafield tag="650" ind1=" " ind2=" ">
    <subfield code="a">&#x916;&#x947;&#x932;-&#x915;&#x942;&#x926;</subfield>
  </datafield>
  <datafield tag="650" ind1=" " ind2=" ">
    <subfield code="a">Sports</subfield>
  </datafield>
  <datafield tag="700" ind1=" " ind2=" ">
    <subfield code="a">&#x921;&#x948;&#x928;&#x93F;&#x92F;&#x932;, &#x92A;&#x94D;&#x930;&#x947;&#x92E;&#x93E; </subfield>
  </datafield>
  <datafield tag="700" ind1=" " ind2=" ">
    <subfield code="a">&#x91D;&#x93E;, &#x938;&#x941;&#x927;&#x940;&#x930; &#x928;&#x93E;&#x925; </subfield>
  </datafield>
  <datafield tag="942" ind1=" " ind2=" ">
    <subfield code="2">ddc</subfield>
    <subfield code="c">HN</subfield>
    <subfield code="m">&#x92E;&#x940;&#x928;&#x93E;&#x938;&#x94D;&#x935;&#x93E;</subfield>
    <subfield code="h">796</subfield>
  </datafield>
  <datafield tag="999" ind1=" " ind2=" ">
    <subfield code="c">27863</subfield>
    <subfield code="d">27863</subfield>
  </datafield>
  <datafield tag="952" ind1=" " ind2=" ">
    <subfield code="0">0</subfield>
    <subfield code="1">0</subfield>
    <subfield code="2">ddc</subfield>
    <subfield code="4">0</subfield>
    <subfield code="7">1</subfield>
    <subfield code="a">DBAD</subfield>
    <subfield code="b">DBAD</subfield>
    <subfield code="d">2009-06-24</subfield>
    <subfield code="e">DBAD / PUB </subfield>
    <subfield code="g">150.00</subfield>
    <subfield code="l">0</subfield>
    <subfield code="o">796 &#x92E;&#x940;&#x928;&#x93E;&#x938;&#x94D;&#x935;&#x93E;</subfield>
    <subfield code="p">HN-59424</subfield>
    <subfield code="r">2009-06-24 00:00:00</subfield>
    <subfield code="t">1</subfield>
    <subfield code="v">150.00</subfield>
    <subfield code="w">2009-06-24</subfield>
    <subfield code="y">HN</subfield>
  </datafield>
</record>
